000 00296nam a2200157Ia 4500
100 _aKanetkar/ Yashavant
650 _aIOT
942 _cBK
366 _f20
654 _aexperiment
245 _a21 IOT experiments
260 _bBPB
082 _bKAN
300 _a266
546 _aENGLISH
999 _c28738
_d28738